000 00551nam a22001817a 4500
003 0
005 20240814131605.0
008 240814b xxu||||| |||| 00| 0 eng d
020 _a978-1-259-07361-8
050 _aPE 1075
_b.G762 2012
245 _aGlencoe Grammar & Composition :
_bhandbook : grade 10 /
260 _aBothell, WA :
_bMcGraw-Hill,
_c2012.
300 _axiv, 580 pages ;
_c23 cm.
500 _aCommon Core Edition.
504 _aIncludes index.
650 _a English language -- Grammar -- Handbooks, manuals, etc
942 _2lcc
_cBK
999 _c366101
_d366101